[Event "AUTO-ADV-4897"]
[Site "http://www.queenalice.com/game.php?id=1863991"]
[Date "2025.10.8"]
[Round "1"]
[White "Daniel1962"]
[Black "SamuraiJOM"]
[Result "1-0"]
[WhiteElo "1744"]
[BlackElo "1686"]

1. c4 e5 2. Nc3 Nf6 3. Nf3 Nc6 4. d3 Nd4 5. Nxd4 exd4 6. Nb5 Bb4+ 7. Bd2 Bxd2+
8. Qxd2 O-O 9. Nxd4 d6 10. f3 c5 11. Nb5 d5 12. cxd5 Nxd5 13. e4 Nc7 14. Nxc7
Qxc7 15. d4 Rd8 16. d5 Qe5 17. Bc4 Rf8 18. d6 Be6 19. Bxe6 Qxe6 20. O-O Qd7 21.
e5 b6 22. f4 a5 23. Rf3 Qc6 24. Qc2 g6 25. Re1 Qd7 26. f5 g5 27. Rg3 h6 28. f6
Qe6 29. Rh3 Qxh3 30. gxh3 a4 31. Re4 1-0

[Event "AUTO-ADV-4897"]
[Site "http://www.queenalice.com/game.php?id=1863998"]
[Date "2025.10.8"]
[Round "1"]
[White "SamuraiJOM"]
[Black "jogo"]
[Result "0-1"]
[WhiteElo "1672"]
[BlackElo "1771"]

1. e4 c5 2. Nc3 a6 3. Nf3 d6 4. Bc4 e6 5. d3 b5 6. Bb3 b4 7. Ne2 Nc6 8. Bf4 e5
9. Bg3 h6 10. O-O g5 11. h3 a5 12. c3 bxc3 13. bxc3 Be7 14. d4 cxd4 15. cxd4
exd4 16. Nfxd4 Nxd4 17. Qxd4 Nf6 18. Ba4+ Bd7 19. Bxd7+ Qxd7 20. e5 dxe5 21.
Bxe5 Qxd4 22. Nxd4 O-O 23. f3 Nd7 24. f4 f6 25. Bc7 Bc5 26. Rfd1 Rfc8 27. Bxa5
Rxa5 28. Rdc1 Bxd4+ 29. Kh2 Rxc1 30. Rxc1 Be3 31. Rc8+ Kf7 32. Rc7 Bxf4+ 0-1

[Event "AUTO-INT-3936"]
[Site "http://www.queenalice.com/game.php?id=1864548"]
[Date "2025.10.20"]
[Round "2"]
[White "Carlos19"]
[Black "SamuraiJOM"]
[Result "0-1"]
[WhiteElo "1734"]
[BlackElo "1660"]

1. e4 e5 2. Nf3 Nc6 3. Bc4 h6 4. Nc3 Nf6 5. h3 Be7 6. d3 d6 7. a3 Na5 8. Bb5+ c6
9. Bc4 Nxc4 10. dxc4 O-O 11. O-O a6 12. b4 b5 13. cxb5 axb5 14. Bb2 d5 15. exd5
cxd5 16. Nxe5 Bd6 17. f4 Ba6 18. Qd4 Qc7 19. a4 bxa4 20. Rfe1 Bxe5 21. Qc5 Qd7
22. fxe5 Ne4 23. Qxd5 Qxd5 24. Nxd5 Ng5 25. Nc7 Rac8 26. Nxa6 Rxc2 27. Rec1 Rxb2
28. Rxa4 Re8 29. Re1 f6 30. Kh2 Nf3+ 31. Kg3 Nxe1 32. exf6 gxf6 33. Nc7 Re3+ 34.
Kh4 Nxg2+ 35. Kh5 Kg7 36. b5 Rxh3+ 37. Kg4 Rh4+ 38. Kg3 Rxa4 39. Ne6+ Kg8 40.
Nc7 f5 41. Kf3 Rb3+ 42. Kxg2 Ra2+ 0-1

[Event "AUTO-INT-3936"]
[Site "http://www.queenalice.com/game.php?id=1864549"]
[Date "2025.10.20"]
[Round "2"]
[White "SamuraiJOM"]
[Black "Carlos19"]
[Result "0-1"]
[WhiteElo "1679"]
[BlackElo "1672"]

1. e4 e5 2. Nf3 Nc6 3. Bc4 h6 4. c3 Nf6 5. d3 a6 6. O-O Bc5 7. d4 exd4 8. cxd4
Bb6 9. e5 Ng8 10. Nbd2 Nxd4 11. Nxd4 Bxd4 12. Nf3 Bc5 13. Qd5 Qe7 14. Re1 c6 15.
Qd3 b5 16. Bb3 g5 17. Be3 Ba7 18. Red1 Bxe3 19. Qxe3 g4 20. Nd4 f6 21. Nf5 Qxe5
22. Ng7+ Ke7 23. Nf5+ Kf8 24. Nd6 Qxe3 25. fxe3 a5 26. Nf7 Rh7 27. Nd6 a4 28.
Bc2 Re7 29. Nf5 Re5 30. Re1 d5 31. a3 Bxf5 32. Rac1 Bxc2 33. Rxc2 d4 34. Rxc6
dxe3 35. g3 h5 36. Kg2 Rd8 37. Kf1 Rd2 38. Re2 Rxe2 39. Kxe2 Kf7 40. Rc7+ Ne7
41. Rc3 Nd5 42. Rd3 Ke6 43. b3 Re4 44. bxa4 bxa4 45. Ke1 Rc4 46. Kf1 Ke5 47. Ke2
Rc2+ 48. Kd1 Rxh2 0-1

[Event "AUTO-INT-3938"]
[Site "http://www.queenalice.com/game.php?id=1868756"]
[Date "2026.2.2"]
[Round "2"]
[White "Carlos19"]
[Black "SamuraiJOM"]
[Result "0-1"]
[WhiteElo "1772"]
[BlackElo "1661"]

1. e4 e5 2. Nf3 Nc6 3. Bc4 h6 4. d3 Nf6 5. Nc3 a6 6. Nd5 Be7 7. Nxf6+ Bxf6 8. a3
O-O 9. O-O Ne7 10. b4 d6 11. c3 b5 12. Bb3 Ng6 13. h3 Bb7 14. a4 Qd7 15. a5 d5
16. Qe2 dxe4 17. dxe4 Nf4 18. Qc2 Qe7 19. Bxf4 exf4 20. Rfe1 g5 21. Bd5 Bxd5 22.
exd5 Qd6 23. Rad1 c6 24. dxc6 Qxc6 25. Nd4 Bxd4 26. Rxd4 f3 27. g3 Rac8 28. Re3
h5 29. Rdd3 g4 30. h4 Rfe8 31. Rxe8+ Qxe8 32. Rd5 Qe1+ 33. Kh2 Rxc3 34. Rd8+ Kg7
35. Qb2 f6 36. Ra8 Rc4 37. Rxa6 Qe7 38. Rb6 Rxb4 39. Qa3 Qe2 40. Qxb4 Qxf2+ 41.
Kh1 Qg2# 0-1

[Event "AUTO-INT-3938"]
[Site "http://www.queenalice.com/game.php?id=1868757"]
[Date "2026.2.2"]
[Round "2"]
[White "SamuraiJOM"]
[Black "Carlos19"]
[Result "1-0"]
[WhiteElo "1695"]
[BlackElo "1728"]

1. e4 e5 2. Nf3 Nc6 3. Bc4 h6 4. O-O Nf6 5. c3 Bc5 6. d3 O-O 7. Nbd2 a6 8. b4
Bb6 9. Ba3 d6 10. h3 a5 11. Qe2 axb4 12. Bxb4 Nxb4 13. cxb4 c5 14. a3 Bd7 15. b5
Ba5 16. a4 Bxd2 17. Qxd2 b6 18. Bb3 Qc7 19. Rfe1 Nh5 20. Bd5 Rab8 21. Nh2 Be6
22. Bxe6 fxe6 23. Nf3 Nf4 24. Qe3 c4 25. dxc4 Qxc4 26. Nd2 Qb4 27. Reb1 Qc5 28.
Qxc5 dxc5 29. Nc4 Ne2+ 30. Kh2 Nc3 31. Re1 Rbd8 32. f3 Rf4 33. Nxb6 Rd4 34. Rec1
Ne2 35. Rxc5 Rd6 36. Nc8 Rd8 37. Ne7+ Kf8 38. Ng6+ Kg8 39. Nxf4 Nxf4 40. Rxe5
Re8 41. b6 Nd3 42. Rb5 Rb8 43. a5 g5 44. a6 Kf7 45. a7 1-0

[Event "AUTO-INT-3938"]
[Site "http://www.queenalice.com/game.php?id=1868760"]
[Date "2026.2.2"]
[Round "2"]
[White "SamuraiJOM"]
[Black "ajr"]
[Result "0-1"]
[WhiteElo "1741"]
[BlackElo "1678"]

1. e4 c5 2. Nf3 d6 3. Nc3 a6 4. Bc4 Bg4 5. O-O Nf6 6. a4 Nc6 7. d3 Nd4 8. Bxf7+
Kxf7 9. Ng5+ Kg6 10. f3 Be6 11. Be3 Qd7 12. Nxe6 Qxe6 13. Qd2 h6 14. Bf4 Kf7 15.
Rae1 g5 16. Be3 Rc8 17. h3 Bg7 18. a5 Nd7 19. Bxd4 cxd4 20. Ne2 Qa2 21. Rb1 Qa4
22. b3 Qc6 23. f4 Ke8 24. Nxd4 Qc5 25. c3 Qxc3 26. Qe3 Bxd4 27. Qxd4 Qxd4+ 28.
Kh1 Qxd3 29. Rfd1 Qxe4 30. fxg5 hxg5 31. Rbc1 Rxc1 32. Rxc1 Rf8 33. Kg1 Qe3+ 0-1

[Event "AUTO-INT-3938"]
[Site "http://www.queenalice.com/game.php?id=1868761"]
[Date "2026.2.2"]
[Round "2"]
[White "ajr"]
[Black "SamuraiJOM"]
[Result "0-1"]
[WhiteElo "1678"]
[BlackElo "1722"]

1. d4 d5 2. h3 Nc6 3. Nf3 Nf6 4. Nc3 e6 5. Bg5 Be7 6. e3 a6 7. Ne5 Bd7 8. Nxd7
Qxd7 9. a3 h6 10. Bxf6 Bxf6 11. Bd3 Ne7 12. O-O O-O 13. Re1 b5 14. Qf3 Ng6 15.
Bxg6 fxg6 16. Ne2 Bxd4 17. Qxf8+ Rxf8 18. exd4 h5 19. g3 Re8 20. Nf4 Kf7 21. Nd3
Qd6 22. Ne5+ Kg8 23. Nxg6 Kh7 24. Nf4 h4 25. Re5 g6 26. Rae1 hxg3 27. fxg3 Kh6
28. Rxe6 Rxe6 29. Nxe6 Qxg3+ 30. Kf1 Qxh3+ 31. Kg1 c6 32. c3 a5 33. Nf8 Qg3+ 0-1

[Event "AUTO-INT-3959"]
[Site "http://www.queenalice.com/game.php?id=1868932"]
[Date "2026.2.5"]
[Round "1"]
[White "ajr"]
[Black "SamuraiJOM"]
[Result "0-1"]
[WhiteElo "1711"]
[BlackElo "1717"]

1. d4 d5 2. h3 Nc6 3. Nf3 Nf6 4. Nc3 e6 5. Bg5 Be7 6. Bxf6 Bxf6 7. e3 O-O 8. Bb5
Bd7 9. Bxc6 Bxc6 10. O-O Qd7 11. Re1 Rfe8 12. Ne5 Bxe5 13. dxe5 Qe7 14. a3 a5
15. f4 b6 16. g4 Qh4 17. Kg2 d4+ 18. e4 Red8 19. Na2 Qe7 20. Nc1 f6 21. Nb3 fxe5
22. fxe5 Qg5 23. Nxd4 Qxe5 24. c3 Bxe4+ 25. Nf3 Qf4 26. Qe2 Bxf3+ 27. Qxf3 Qxf3+
28. Kxf3 Rf8+ 29. Kg3 Rae8 30. Rad1 a4 31. Rf1 Rxf1 32. Rxf1 g5 33. Kf3 Rf8+ 34.
Ke2 Rxf1 35. Kxf1 c5 36. Ke2 Kf7 37. Ke3 e5 38. Ke4 Kf6 39. Kd5 h6 40. Ke4 Ke6
41. c4 Kd6 42. Kd3 Kc6 43. Ke4 Kd6 44. Kd3 Ke6 45. Ke4 Kf6 46. Kf3 Ke6 47. Kg3
e4 48. Kf2 Ke5 49. Ke3 Ke6 50. Kxe4 Kd6 51. Kd3 Ke5 52. Ke3 Kd6 53. Ke4 Ke6 54.
Ke3 Ke5 55. Kd3 Kf4 56. Kc3 Kg3 57. b4 Kxh3 58. bxc5 bxc5 59. Kd3 Kxg4 60. Ke4
h5 61. Kd5 h4 62. Kxc5 h3 63. Kb4 h2 64. c5 h1=Q 65. Kxa4 Qc6+ 0-1

[Event "AUTO-INT-3959"]
[Site "http://www.queenalice.com/game.php?id=1868933"]
[Date "2026.2.5"]
[Round "1"]
[White "SamuraiJOM"]
[Black "ajr"]
[Result "0-1"]
[WhiteElo "1736"]
[BlackElo "1673"]

1. e4 e5 2. Nf3 Nf6 3. Nc3 a6 4. Bc4 d5 5. exd5 Bg4 6. d3 h6 7. O-O Bb4 8. Qd2
Bxf3 9. gxf3 O-O 10. a3 Bxc3 11. Qxc3 Qd6 12. b4 b5 13. Bb3 Nbd7 14. a4 Rfc8 15.
Be3 Nxd5 16. Bxd5 Qxd5 17. Kg2 f5 18. axb5 axb5 19. h3 Rxa1 20. Rxa1 f4 21. Bd2
Nb6 22. Ra7 c6 23. Re7 Nd7 24. Bc1 Qd6 25. Qb3+ Kh7 26. Re6 Qd5 27. Qxd5 cxd5
28. h4 Rxc2 29. Rd6 Nf6 30. Ba3 Rc3 31. Bb2 Rxd3 32. Bxe5 Ne8 33. Rd8 Nf6 34.
Rb8 Nd7 35. Rxb5 Nxe5 36. h5 Nxf3 37. Rb6 Nh4+ 38. Kf1 f3 39. Ke1 Ng2+ 0-1

[Event "AUTO-INT-3935"]
[Site "http://www.queenalice.com/game.php?id=1873766"]
[Date "2026.5.21"]
[Round "2"]
[White "SamuraiJOM"]
[Black "renet54"]
[Result "0-1"]
[WhiteElo "1730"]
[BlackElo "1645"]

1. e4 e5 2. Nf3 Nf6 3. Nc3 Bc5 4. d3 O-O 5. Be2 d6 6. O-O Nc6 7. Nd5 Nxd5 8.
exd5 Ne7 9. a3 Nxd5 10. Bd2 Bg4 11. b4 Bb6 12. c4 Bxf3 13. Bxf3 Nf6 14. Bxb7 Rb8
15. Bf3 Qd7 16. a4 Qf5 17. Qe2 Rfe8 18. Bc3 Re6 19. Be4 Nxe4 20. dxe4 Qg5 21.
Bd2 Qg6 22. a5 Bd4 23. Ra3 Rbe8 24. Be3 Bxe3 25. Rxe3 Rf6 26. c5 dxc5 27. bxc5
c6 28. Rg3 Qh6 29. h3 Ree6 30. Qa6 g5 31. Qxa7 Rg6 32. Qb8+ Kg7 33. Rg4 Rgf6 34.
h4 Rg6 35. g3 gxh4 36. Rxh4 Qxh4 37. Kg2 Qxe4+ 38. f3 Qh4 39. g4 Rxg4+ 40. fxg4
Qxg4+ 41. Kf2 Rf6+ 42. Ke1 Qe4+ 0-1

[Event "AUTO-INT-3935"]
[Site "http://www.queenalice.com/game.php?id=1873767"]
[Date "2026.5.21"]
[Round "2"]
[White "renet54"]
[Black "SamuraiJOM"]
[Result "1-0"]
[WhiteElo "1609"]
[BlackElo "1733"]

1. d4 d5 2. Bf4 Nc6 3. e3 Nf6 4. Nf3 e6 5. Bb5 a6 6. Bxc6+ bxc6 7. Nc3 Bb4 8.
O-O Bxc3 9. bxc3 O-O 10. Qd3 Bd7 11. Bg5 Re8 12. Rad1 c5 13. dxc5 Bb5 14. Qd4
Bxf1 15. Kxf1 c6 16. Ne5 h6 17. Nxc6 Qc7 18. Bxf6 gxf6 19. Qxf6 Qxc6 20. Rd4
Qb5+ 21. Ke1 Qxc5 22. Rg4+ Kf8 23. Rf4 Qe7 24. Qh8# 1-0

[Event "AUTO-INT-3935"]
[Site "http://www.queenalice.com/game.php?id=1873768"]
[Date "2026.5.21"]
[Round "2"]
[White "SamuraiJOM"]
[Black "Carlos19"]
[Result "1-0"]
[WhiteElo "1721"]
[BlackElo "1552"]

1. e4 e5 2. Nf3 Nc6 3. Bc4 h6 4. O-O Nf6 5. d3 Bc5 6. Nbd2 Nd4 7. Nxe5 d5 8.
exd5 O-O 9. Ndf3 Nxf3+ 10. Qxf3 Bd6 11. Bf4 Bxe5 12. Bxe5 Bg4 13. Qe3 Re8 14.
Bb5 Nxd5 15. Qe4 h5 16. Bxe8 f6 17. Bxc7 Nxc7 18. Bg6 b5 19. h3 Be6 20. b3 Kf8
21. Bxh5 Ke7 22. Qb4+ Kd7 23. Bf3 Rb8 24. Qd4+ Ke7 25. Qb4+ Kf7 26. Bh5+ g6 27.
Bf3 Nd5 28. Bxd5 Bxd5 29. Qf4 g5 30. Qf5 Be6 31. Qf3 Bd5 32. Qh5+ Kf8 33. Rfe1
Bc6 34. Re6 Bd5 35. Re3 Rb7 36. Qh8+ 1-0

[Event "AUTO-INT-3935"]
[Site "http://www.queenalice.com/game.php?id=1873769"]
[Date "2026.5.21"]
[Round "2"]
[White "Carlos19"]
[Black "SamuraiJOM"]
[Result "0-1"]
[WhiteElo "1544"]
[BlackElo "1712"]

1. e4 e5 2. Nf3 Nc6 3. Bc4 h6 4. d3 Bc5 5. O-O Nf6 6. a3 a5 7. Nc3 O-O 8. Nd5 d6
9. h3 b5 10. Bxb5 Bb7 11. Nxf6+ Qxf6 12. Bd2 Rfe8 13. b4 axb4 14. axb4 Bb6 15.
Rxa8 Bxa8 16. c3 Rf8 17. Be3 Bxe3 18. fxe3 Bb7 19. Qa1 Ne7 20. Qa7 Bc8 21. Qxc7
Ng6 22. g4 Qe7 23. Qa5 Bd7 24. Bxd7 Qxd7 25. d4 exd4 26. exd4 Nf4 27. Kh2 Qb7
28. e5 dxe5 29. Nxe5 Qg2# 0-1